000 00339nam a22001457a 4500
008 180814b xxu||||| |||| 00| 0 eng d
020 _a0534233384
041 _aeng
080 _a159.9
082 _a159.9
100 _a48
101 _aPSI
245 _aDevelopment through life a psychosocial approach
_cNewman.B.M
942 _2udc
_cBK
999 _c47153
_d47153